000 01244nac a22003490a 4500
001 PT13375
003 AR-LpoUNG
005 20210201004955.0
008 201001s2002||||sp |||||||||||||||||spa d
020 _a8432311014
_c$111.11
040 _aAR-LpoUNG
_bspa
_eaacr
041 _aspa
044 _asp
082 0 _a982.064 586arc
100 1 _aDa Silva Catela, Ludmila
_ecomp.
245 1 4 _aLos archivos de la represión :
_bdocumentos, memoria y verdad
250 _a1ra ed.
260 _aMadrid :
_bSiglo Veintiuno,
_c2002.
300 _a221 p. :
_bmapas, fot.
_3Impreso
520 _a<p>Esta colección de libros pretende contribuir al avance del conocimiento académico, pero también a estimular debates y discusiones en un ámbito más amplio: entre estudiantes y docentes, entre activistas y ciudadanos, de cada uno de los países involucrados, pero también en un debate comparativo y transnacional.</p>
650 4 _aAMERICA DEL SUR
650 4 _aASPECTOS POLITICOS
650 4 _aAUTORITARISMO
650 4 _aCONCIENTIZACION
650 4 _aDICTADURA
650 4 _aFUERZAS ARMADAS
650 4 _aIDEOLOGIAS POLITICAS
650 4 _aPOLITICA
700 1 _aJelin, Elizabeth
_ecomp.
905 _a13375
942 _cLIB
999 _c48088
_d48088